Ricostruisci la Carriera del Calciatore - Emanuele Giaccherini - Statistics

Statistiche generali
  • Questo quiz è stato fatto 13 volte
  • Il punteggio medio è 3 su 9
Statistiche sulle risposte
Hint Risposta % Corretto
2005-2007 Bellaria Igea Marina
100%
2011-2013 Juventus
50%
2015-2016 Bologna
25%
2008-2011 Cesena
25%
2018-2021 Chievo
25%
2016-2018 Napoli
25%
2013-2015 Sunderland
25%
2004-2005 Forlì
0%
2007-2008 Pavia
0%
Nessun quiz corrispondente trovato
Distribuzione punteggi
Percentuale di utenti per punteggio
Percentile per numero di risposta
I tuoi punteggi nel tempo
Non hai fatto questo quiz